Basic research methods for librarians
Saved in:
| Main Author: | |
|---|---|
| Format: | Book |
| Language: | Undetermined |
| Published: |
Westport, CN
LU
2004
|
| Subjects: | |
| Tags: |
Add Tag
No Tags, Be the first to tag this record!
|
| Institutions: | Trung tâm Học liệu Trường Đại học Cần Thơ |
|---|
| LEADER | 00537nam a2200193Ia 4500 | ||
|---|---|---|---|
| 001 | CTU_102888 | ||
| 008 | 210402s9999 xx 000 0 und d | ||
| 082 | |a 020.72 | ||
| 082 | |b P886/sc | ||
| 100 | |a Powell, Ronald R. | ||
| 245 | 0 | |a Basic research methods for librarians | |
| 245 | 0 | |c Ronald R. Powell, Lynn Silipigni Connaway | |
| 260 | |a Westport, CN | ||
| 260 | |b LU | ||
| 260 | |c 2004 | ||
| 650 | |a Library science | ||
| 650 | |x Research,Methodology | ||
| 904 | |i Minh | ||
| 980 | |a Trung tâm Học liệu Trường Đại học Cần Thơ | ||